000 02266nam2a2200349 4500
001 RU\NLR\BIBL_A\022498875
005 20260408212219.0
010 _a978-5-98287-217-3
035 _a(NLR Aleph) 022498875
090 _a13386555
_c13386555
100 _a20250321d2024 |||y0rusy50 ca
101 0 _arus
_aeng
102 _aRU
105 _aach z 101yy
200 1 _aLibro Manuscripto Inspirata: памяти Инны Павловны Мокрецовой (1935-2020)
_dLibro Manuscripto Inspirata: in memoriam of Inna P. Mokretsova (1935-2020)
_eсборник статей по материалам международной научной конференции (Москва, ГОСНИИР, 19-20 ноября 2021 г.)
_zeng
210 _d2024
215 _a222, [1] с.
_cил., цв. ил., портр., факс., табл.
300 _aЧасть текста на англ. яз.
320 _aБиблиогр. в примеч. в конце ст.
320 _aУказ. упоминаемых рукоп. и редких книг: с. 214-219
461 0 _1001RU\NLR\BIBL_A\022541850
_12001#$aДревне-русское искусство$dOld Russian art$iИскусство рукописной книги$f[Министерство культуры Российской Федерации, Государственный институт искусствознания]$gредактор-составитель: Э. Н. Добрынина$zeng$vСб. 5
510 1 _aLibro Manuscripto Inspirata: In memoriam of Inna P. Mokretsova (1935-2020)
_zeng
600 1 _aМокрецова
_bИ. П.
_gИнна Павловна
_f1935 - 2020
_3RU\NLR\AUTH\6601652137
_92403528
686 1 _aЩ10г(2Р)7дМокрецова
702 1 _4280
_7ca
_8rus
_aМокрецова
_bИ. П.
_f1935-2020
_gИнна Павловна
_3RU\NLR\AUTH\770175026
_9174975
711 1 2 _a"Libro manuscripto inspirata: памяти Инны Павловны Мокрецовой (1935-2020)", международная научная конференция
_f2021
_eМосква
_7ca
_7ba
_3RU\NLR\AUTH\880626879
_92659247
942 _cBOOK
980 _aNB